000 00719nam a2200217 i 4500
001 124522
003 ES-MaACL
005 20250813062623.0
007 t|
008 070329s1930 sp ||||1| spa d
100 1 _aNestle, Wilhelm.
_985413
245 1 0 _aHistoria de la literatura griega /
_cWilhelm Nestle ; traducción del alemán por Eustaquio Echauri.
260 _aBarcelona :
_bLabor,
_c[1930]
300 _a347 p., XVI p. de lám. :
_bil. ;
_c17 cm.
490 1 _aColección Labor ;
_v260-261
650 0 0 _aLiteratura griega-
_xHistoria y crítica.
_914599
700 1 _aEchauri, Eustaquio.
_946501
830 1 0 _aColección Labor
_v260-261
_9184254
852 _aES-MaACL
_jE-2760
999 _c124522
_d124522